Fluid Mechanics (Record no. 613881)

000 -LEADER
fixed length control field 00331nam a22001217a 4500
020 ## - INTERNATIONAL STANDARD BOOK NUMBER
International Standard Book Number 978-0073398273
040 ## - CATALOGING SOURCE
Original cataloging agency dlc
Transcribing agency dlc
Modifying agency dlc
Description conventions dlc
082 ## - DEWEY DECIMAL CLASSIFICATION NUMBER
Classification number 620.106
Author Mark WHI
100 ## - MAIN ENTRY--PERSONAL NAME
Personal name Frank White (Author)
9 (RLIN) 129195
245 ## - TITLE STATEMENT
Title Fluid Mechanics
Remainder of title 8th Edition
260 ## - PUBLICATION, DISTRIBUTION, ETC.
Place of publication, distribution, etc. AUSTRAILIA
Name of publisher, distributor, etc. McGraw Hill
Date of publication, distribution, etc. January 16, 2015
942 ## - ADDED ENTRY ELEMENTS (KOHA)
Source of classification or shelving scheme
Koha item type Book
Edition 8th

No items available.

© 2023 Central Library, National University of Sciences and Technology. All Rights Reserved.